00000000nas 2200000zi 4500
0019.501116
003CaOODSP
00520250429125431
006m     o  d f      
007cr cn ||||||||
008150406c19999999onc x m o    f0   b0fre|d
022 |a2819-2338|y1707-2867
040 |aCaOODSP|bfre|erda|cCaOODSP
043 |an-cn---
0861 |aCS75-0002F-PDF
222 0|aSérie de documents de recherche, revenu |b(En ligne)
24500|aSérie de documents de recherche - revenu / |cDivision de la statistique du revenu.
264 1|aOttawa : |bStatistique Canada = Statistics Canada, |c[1999]-
310 |aIrrégulier
336 |atexte|btxt|2rdacontent/fre
337 |ainformatique|bc|2rdamedia/fre
338 |aressource en ligne|bcr|2rdacarrier/fre
3621 |aParaît depuis : N° 1 (1999).
500 |aPublié aussi en anglais sous le titre : Income research paper series.
5203 |aComprend de la documentation détaillée sur revenu, notamment les problèmes de conception, l'évaluation qualitative des données et les recherches préliminaires.
588 |aDescription d'après : No 001 (juin 2003); titre de la page couverture du fichier PDF.
588 |aDernière livraison consultée : le 6 février 2025.
650 6|aRevenu|zCanada|vStatistiques.
7102 |aStatistique Canada.|bDivision de la statistique du revenu, |eorganisme de publication.
77508|tIncome research paper series / |w(CaOODSP)9.504704